[Event "NOR-ch Rapid"]
[Site "Drammen"]
[Date "2023.01.07"]
[Round "5"]
[White "Amar, Elham"]
[Black "Engedal, Kim Nikolai"]
[Result "1-0"]
[WhiteElo "2518"]
[BlackElo "2155"]
[PlyCount "59"]
[EventDate "2023.01.07"]
[EventType "swiss (rapid)"]
[EventRounds "10"]
[EventCountry "NOR"]
[SourceTitle "CBM 212 Extra"]
[Source "ChessBase"]
[SourceDate "2023.03.31"]
[SourceVersion "1"]
[SourceVersionDate "2023.03.31"]
[SourceQuality "1"]

1. e4 c6 2. d4 d5 3. Nc3 dxe4 4. Nxe4 Nf6 5. Nxf6+ exf6 6. Bd3 Qxd4 7. Nf3 Qd5 8. 0-0 Be6 9. Re1 Bc5 10. c4 Qd7 11. Bf4 0-0 12. Qe2 Bf5 13. Rad1 Bxd3 14. Rxd3 Qf5 15. Bd6 Bxd6 16. Rxd6 Na6 17. Qe7 Nc5 18. Nd4 Qh5 19. Nf3 a5 20. h3 h6 21. Rd2 a4 22. Kh2 Qf5 23. Rd4 b6 24. Rd6 Rac8 25. Kg1 Qc2 26. Nd4 Qxc4 27. Nf5 Kh7 28. Nxg7 Qf4 29. Rxf6 Qg5 30. Nf5 1-0

[Event "NOR-chT Elite 1920"]
[Site "Norway"]
[Date "2020.01.18"]
[Round "5.3"]
[White "Engedal, Kim Nikolai"]
[Black "Vitenberg, Noam Aviv"]
[Result "0-1"]
[WhiteElo "2198"]
[BlackElo "2255"]
[PlyCount "52"]
[EventDate "2019.11.01"]
[EventType "team-tourn"]
[EventRounds "9"]
[EventCountry "NOR"]
[SourceTitle "CBM 195 Extra"]
[Source "ChessBase"]
[SourceDate "2020.05.31"]
[SourceVersion "1"]
[SourceVersionDate "2020.05.31"]
[SourceQuality "1"]
[WhiteTeam "SOSS"]
[BlackTeam "Oslo SK 1911"]
[WhiteTeamCountry "NOR"]
[BlackTeamCountry "NOR"]

1. d4 d5 2. Bf4 Nf6 3. e3 c5 4. c3 Nc6 5. Nd2 Bf5 6. Ngf3 Qb6 7. Nh4 Bg4 8. Qb3 e6 9. h3 Bh5 10. g4 Bg6 11. Nxg6 hxg6 12. Be2 0-0-0 13. 0-0-0 Na5 14. Qa4 Bd6 15. Bxd6 Rxd6 16. dxc5 Qxc5 17. b4 Qxc3+ 18. Kb1 Nc6 19. Rc1 Qxd2 20. Rc2 Ne4 21. Rxd2 Nc3+ 22. Ka1 Nxa4 23. Rc1 Kb8 24. Rdc2 Nxb4 25. Rc7 Rf8 26. Bb5 Nb6 0-1

[Event "Casino op 3rd"]
[Site "Velden"]
[Date "1995.??.??"]
[Round "8"]
[White "Neubauer, Herbert"]
[Black "Engedal, Kim Nikolai"]
[Result "0-1"]
[WhiteElo "2022"]
[BlackElo "2230"]
[PlyCount "60"]
[EventDate "1995.06.30"]
[EventType "swiss"]
[EventRounds "9"]
[EventCountry "AUT"]
[SourceTitle "EXT 2022"]
[Source "ChessBase"]
[SourceDate "2021.10.06"]
[SourceVersion "1"]
[SourceVersionDate "2021.10.06"]
[SourceQuality "1"]

1. d4 d5 2. e4 dxe4 3. Nc3 Bf5 4. f3 Nf6 5. fxe4 Nxe4 6. Qf3 Nd6 7. Bf4 e6 8. Bxd6 Bxd6 9. Qxb7 Nd7 10. Bb5 0-0 11. 0-0-0 Rb8 12. Qc6 Rb6 13. Qc4 c6 14. Ba4 Rb4 15. Qxc6 Nb6 16. Bb3 Qe7 17. Nge2 Rc8 18. Qf3 a5 19. a3 Rxb3 20. cxb3 a4 21. h4 axb3 22. g4 Bg6 23. Kd2 Nc4+ 24. Ke1 Nxb2 25. Rd2 Nc4 26. Rd1 Bxa3 27. Kf2 Bc2 28. Ra1 b2 29. Rxa3 Nxa3 30. Qb7 Qxb7 0-1

[Event "Casino op 3rd"]
[Site "Velden"]
[Date "1995.??.??"]
[Round "4"]
[White "Strallhofer, Hermann"]
[Black "Engedal, Kim Nikolai"]
[Result "1/2-1/2"]
[WhiteElo "2026"]
[BlackElo "2230"]
[PlyCount "64"]
[EventDate "1995.06.30"]
[EventType "swiss"]
[EventRounds "9"]
[EventCountry "AUT"]
[SourceTitle "EXT 2022"]
[Source "ChessBase"]
[SourceDate "2021.10.06"]
[SourceVersion "1"]
[SourceVersionDate "2021.10.06"]
[SourceQuality "1"]

1. e4 e5 2. Nf3 Nf6 3. Nc3 Bb4 4. d3 d5 5. exd5 Nxd5 6. Bd2 Nc6 7. Nxd5 Bxd2+ 8. Qxd2 Qxd5 9. Be2 0-0 10. 0-0 Bg4 11. Qg5 Be6 12. c3 f6 13. Qe3 Ne7 14. Rfe1 Nf5 15. Qe4 Qxe4 16. dxe4 Nd6 17. Nd2 Rfd8 18. f3 Rd7 19. Nf1 Nc4 20. b3 Nb2 21. Reb1 Nd3 22. g3 Rad8 23. Rd1 c6 24. Rd2 Nf4 25. Rxd7 Nxe2+ 26. Kf2 Rxd7 27. Kxe2 Kf7 28. Ne3 g6 29. Rf1 Ke7 30. Nc2 a5 31. Rb1 Rd8 32. Ne1 b6 1/2-1/2

[Event "Oakham Masters"]
[Site "Oakham"]
[Date "1994.??.??"]
[Round "5"]
[White "Arakhamia Grant, Ketevan"]
[Black "Engedal, Kim Nikolai"]
[Result "1/2-1/2"]
[WhiteElo "2485"]
[BlackElo "2225"]
[PlyCount "68"]
[EventDate "1994.??.??"]
[EventType "tourn"]
[EventRounds "11"]
[EventCountry "ENG"]
[EventCategory "5"]
[SourceTitle "EXT 2000"]
[Source "ChessBase"]
[SourceDate "1999.11.16"]
[SourceVersion "1"]
[SourceVersionDate "1999.11.16"]
[SourceQuality "1"]

1. e4 e5 2. Nf3 Nf6 3. Nxe5 d6 4. Nf3 Nxe4 5. d4 d5 6. Bd3 Nc6 7. 0-0 Bg4 8. Re1 Be7 9. c3 f5 10. Qb3 0-0 11. Nbd2 Na5 12. Qc2 Nc6 13. b4 Bd6 14. b5 Ne7 15. Ne5 Bxe5 16. dxe5 Nc5 17. Nb3 Nxd3 18. Qxd3 f4 19. Qd4 Ng6 20. Nc5 Nh4 21. Bxf4 Nxg2 22. Bg3 Nxe1 23. Qxg4 Nf3+ 24. Kg2 Qe7 25. Qe6+ Qxe6 26. Nxe6 Rf7 27. Rd1 c6 28. Nc5 Ng5 29. e6 Re7 30. Bh4 Rxe6 31. Nxe6 Nxe6 32. bxc6 bxc6 33. Rb1 Rc8 34. Bg3 Rf8 1/2-1/2

[Event "Hallsberg op 9394 U18"]
[Site "Hallsberg"]
[Date "1994.??.??"]
[Round "5"]
[White "Engedal, Kim Nikolai"]
[Black "Malmstig, Erik"]
[Result "0-1"]
[WhiteElo "2240"]
[BlackElo "2150"]
[PlyCount "66"]
[EventDate "1993.??.??"]
[EventType "swiss"]
[EventRounds "9"]
[EventCountry "SWE"]
[SourceTitle "EXT 2002"]
[Source "ChessBase"]
[SourceDate "2001.11.25"]
[SourceVersion "1"]
[SourceVersionDate "2001.11.25"]
[SourceQuality "1"]

1. e4 d6 2. d4 Nf6 3. Nc3 g6 4. f4 Bg7 5. Nf3 0-0 6. Bd3 Na6 7. e5 Nd7 8. Ne4 c5 9. c3 cxd4 10. cxd4 Nb4 11. Bb1 Nb6 12. Be3 N4d5 13. Bc1 Bd7 14. 0-0 Rc8 15. Qe2 a6 16. Qf2 Bb5 17. Re1 Rc6 18. b3 a5 19. Qh4 Nb4 20. f5 dxe5 21. Bh6 Bxh6 22. f6 exf6 23. Qxh6 Qc7 24. Nxf6+ Rxf6 25. Ng5 Re8 26. Qxh7+ Kf8 27. Qh6+ Ke7 28. Qg7 Qd6 29. Bxg6 Qxd4+ 30. Kh1 Nd3 31. h3 Nf2+ 32. Kh2 Qf4+ 33. g3 Qxg5 0-1

[Event "Oslo op"]
[Site "Oslo"]
[Date "1994.??.??"]
[Round "7"]
[White "Engedal, Kim Nikolai"]
[Black "Ogaard, Leif"]
[Result "0-1"]
[WhiteElo "2225"]
[BlackElo "2425"]
[PlyCount "60"]
[EventDate "1994.03.??"]
[EventType "swiss"]
[EventRounds "9"]
[EventCountry "NOR"]
[SourceTitle "EXT 1998"]
[Source "ChessBase"]
[SourceDate "1997.11.17"]
[SourceVersion "1"]
[SourceVersionDate "1997.11.17"]
[SourceQuality "1"]

1. e4 c5 2. Nf3 e6 3. d3 Nc6 4. g3 g6 5. Bg2 Bg7 6. 0-0 Nge7 7. Nbd2 0-0 8. Re1 d6 9. Nf1 e5 10. c3 h6 11. Nh4 Be6 12. f4 Qd7 13. Ne3 exf4 14. gxf4 f5 15. Rf1 Kh7 16. Qe1 d5 17. exf5 gxf5 18. Nc2 Bf6 19. Nf3 Ng6 20. d4 b6 21. Qd1 Rg8 22. Kh1 Nh4 23. Nxh4 Bxh4 24. Ne1 cxd4 25. Nf3 Bf6 26. Ng5+ hxg5 27. fxg5 Be5 28. Qh5+ Kg7 29. Qh6+ Kf7 30. Bf3 Rh8 0-1

[Event "Oakham Masters"]
[Site "Oakham"]
[Date "1994.??.??"]
[Round "8"]
[White "Pedersen, Steffen"]
[Black "Engedal, Kim Nikolai"]
[Result "1-0"]
[WhiteElo "2420"]
[BlackElo "2225"]
[PlyCount "61"]
[EventDate "1994.??.??"]
[EventType "tourn"]
[EventRounds "11"]
[EventCountry "ENG"]
[EventCategory "5"]
[SourceTitle "EXT 2000"]
[Source "ChessBase"]
[SourceDate "1999.11.16"]
[SourceVersion "1"]
[SourceVersionDate "1999.11.16"]
[SourceQuality "1"]

1. d4 d5 2. c4 e6 3. Nc3 c6 4. e3 Nf6 5. Nf3 Nbd7 6. Bd3 Bd6 7. 0-0 0-0 8. e4 dxc4 9. Bxc4 e5 10. Bg5 Qe7 11. d5 Nb6 12. Bb3 cxd5 13. Bxd5 Rd8 14. Qb3 h6 15. Bh4 Bg4 16. Nd2 g5 17. f3 Bh5 18. Bf2 Bc5 19. Rad1 Bxf2+ 20. Rxf2 Qc5 21. Bxb7 Rab8 22. Ba6 Nbd7 23. Qc2 Nf8 24. Nf1 Ne6 25. Ng3 Nd4 26. Qc1 Nxf3+ 27. gxf3 Rxd1+ 28. Qxd1 Rxb2 29. Be2 Qxc3 30. Qd8+ Kg7 31. Nf5+ 1-0

[Event "NOR-chT east"]
[Site "Norway"]
[Date "1994.??.??"]
[Round "6"]
[White "Poulsson, Eivind"]
[Black "Engedal, Kim Nikolai"]
[Result "0-1"]
[WhiteElo "2340"]
[BlackElo "2225"]
[PlyCount "62"]
[EventDate "1994.??.??"]
[EventType "team-tourn"]
[EventRounds "9"]
[EventCountry "NOR"]
[SourceTitle "EXT 2000"]
[Source "ChessBase"]
[SourceDate "1999.11.16"]
[SourceVersion "1"]
[SourceVersionDate "1999.11.16"]
[SourceQuality "1"]

1. e4 e5 2. Nf3 Nf6 3. Nxe5 d6 4. Nf3 Nxe4 5. d4 d5 6. Bd3 Nc6 7. 0-0 Bg4 8. Re1 Be7 9. c3 f5 10. Nbd2 Qd6 11. Nf1 Rf8 12. Ng3 0-0-0 13. Qa4 h5 14. Ne5 Nxe5 15. dxe5 Qb6 16. Be3 Bc5 17. Bxc5 Nxc5 18. Qc2 Nxd3 19. Qxd3 f4 20. Nf1 g5 21. b4 d4 22. a3 f3 23. c4 fxg2 24. Nd2 Rf4 25. Ne4 Bf5 26. f3 Qg6 27. Ra2 g4 28. Rxg2 h4 29. Qf1 d3 30. Nd2 g3 31. hxg3 hxg3 0-1

[Event "Gausdal Int"]
[Site "Gausdal"]
[Date "1993.??.??"]
[Round "9"]
[White "Baum, Bernd"]
[Black "Engedal, Kim Nikolai"]
[Result "1-0"]
[WhiteElo "2305"]
[BlackElo "2240"]
[PlyCount "61"]
[EventDate "1993.08.??"]
[EventType "swiss"]
[EventRounds "9"]
[EventCountry "NOR"]
[SourceTitle "TD"]
[Source "ChessBase"]
[SourceDate "1994.03.01"]
[SourceVersion "1"]
[SourceVersionDate "1994.03.01"]
[SourceQuality "1"]

1. e4 e5 2. Nc3 Nf6 3. g3 Bc5 4. Bg2 Nc6 5. d3 d6 6. Na4 Bb6 7. Nxb6 axb6 8. Ne2 0-0 9. 0-0 Re8 10. Nc3 Bg4 11. f3 Bh5 12. g4 Bg6 13. f4 exf4 14. Bxf4 Qd7 15. h3 Kh8 16. Qd2 Ng8 17. Qf2 Nd8 18. a3 Ne7 19. Qg3 f6 20. Rae1 Bf7 21. Bd2 Be6 22. Kh2 Ndc6 23. Rf2 d5 24. exd5 Nxd5 25. Rxe6 Rxe6 26. Nxd5 Rc8 27. Bf4 Nd4 28. Be4 c5 29. c3 Nb5 30. Qg2 g6 31. Nxf6 1-0

[Event "Budapest Spring op 09th"]
[Site "Budapest"]
[Date "1993.??.??"]
[Round "5"]
[White "David, Alberto"]
[Black "Engedal, Kim Nikolai"]
[Result "1-0"]
[WhiteElo "2380"]
[BlackElo "2240"]
[PlyCount "61"]
[EventDate "1993.03.??"]
[EventType "swiss"]
[EventRounds "9"]
[EventCountry "HUN"]
[SourceTitle "EXT 1998"]
[Source "ChessBase"]
[SourceDate "1997.11.17"]
[SourceVersion "1"]
[SourceVersionDate "1997.11.17"]
[SourceQuality "1"]

1. e4 e5 2. Nc3 Nf6 3. f4 d5 4. fxe5 Nxe4 5. d3 Nxc3 6. bxc3 d4 7. Nf3 Bg4 8. Be2 Bc5 9. 0-0 0-0 10. Kh1 Nc6 11. Qe1 Qd7 12. Qh4 Be7 13. Qg3 f6 14. cxd4 Bxf3 15. Bxf3 Nxd4 16. Bh6 Bd8 17. e6 Qe7 18. Bxb7 Rb8 19. Bd5 Kh8 20. Bf4 Rb6 21. Be3 c5 22. Rf2 Nxe6 23. Re1 Bc7 24. Qh4 Be5 25. Rf5 Qd7 26. Qe4 Nd4 27. Bxd4 cxd4 28. Qxe5 Rb5 29. Qe6 Qxe6 30. Bxe6 Rb6 31. Bb3 1-0

[Event "Skei"]
[Site "Skei"]
[Date "1993.??.??"]
[Round "3"]
[White "Djurhuus, Rune"]
[Black "Engedal, Kim Nikolai"]
[Result "1-0"]
[WhiteElo "2485"]
[BlackElo "2240"]
[PlyCount "57"]
[EventDate "1993.??.??"]
[EventType "tourn"]
[EventRounds "9"]
[EventCountry "NOR"]
[EventCategory "10"]
[SourceTitle "CBM 036"]
[Source "ChessBase"]
[SourceDate "1993.10.01"]
[SourceVersion "1"]
[SourceVersionDate "1993.10.01"]
[SourceQuality "1"]

1. d4 d5 2. c4 e6 3. Nc3 c6 4. e3 Nf6 5. Nf3 Nbd7 6. Qc2 Bd6 7. g4 Nxg4 8. Rg1 h5 9. h3 Nh6 10. e4 dxe4 11. Nxe4 Bb4+ 12. Bd2 Bxd2+ 13. Qxd2 Nf6 14. Neg5 Nf5 15. 0-0-0 0-0 16. Bd3 Qc7 17. Rg2 Ne8 18. Rdg1 f6 19. Ne4 Qf7 20. Ng3 Ne7 21. Qf4 Ng6 22. Qe3 Ne7 23. Kb1 Kh8 24. h4 Rg8 25. Qf4 Rf8 26. Qe4 g6 27. Nxh5 gxh5 28. Qe3 f5 29. Qh6+ 1-0

[Event "NOR-chT east"]
[Site "Norway"]
[Date "1993.??.??"]
[Round "7"]
[White "Engedal, Kim Nikolai"]
[Black "Diesen, Bruce"]
[Result "0-1"]
[WhiteElo "2240"]
[BlackElo "2275"]
[PlyCount "58"]
[EventDate "1993.??.??"]
[EventType "team-tourn"]
[EventRounds "9"]
[EventCountry "NOR"]
[SourceTitle "EXT 2000"]
[Source "ChessBase"]
[SourceDate "1999.11.16"]
[SourceVersion "1"]
[SourceVersionDate "1999.11.16"]
[SourceQuality "1"]

1. e4 c5 2. Nf3 d6 3. Bb5+ Nc6 4. 0-0 Bg4 5. h3 Bxf3 6. Qxf3 e6 7. Re1 Nge7 8. c3 a6 9. Bf1 Ng6 10. Qd1 Qb6 11. Na3 Be7 12. Nc2 Bf6 13. Rb1 0-0 14. b4 Rfd8 15. a4 d5 16. exd5 Rxd5 17. Ne3 Rdd8 18. Nc4 Qa7 19. bxc5 Bxc3 20. Nd6 Bb4 21. Rxb4 Nxb4 22. Ba3 Nd5 23. Bc4 b6 24. d4 Qc7 25. Qd2 Rxd6 26. cxd6 Qxc4 27. Rc1 Qxa4 28. Qc2 Qxc2 29. Rxc2 Nf8 0-1

[Event "Gausdal Int"]
[Site "Gausdal"]
[Date "1993.??.??"]
[Round "1"]
[White "Engedal, Kim Nikolai"]
[Black "Engqvist, Thomas"]
[Result "0-1"]
[WhiteElo "2240"]
[BlackElo "2420"]
[PlyCount "64"]
[EventDate "1993.08.??"]
[EventType "swiss"]
[EventRounds "9"]
[EventCountry "NOR"]
[SourceTitle "TD"]
[Source "ChessBase"]
[SourceDate "1994.03.01"]
[SourceVersion "1"]
[SourceVersionDate "1994.03.01"]
[SourceQuality "1"]

1. e4 c5 2. Nf3 e6 3. Nc3 d6 4. g3 Nc6 5. Bg2 Nf6 6. 0-0 Be7 7. d3 0-0 8. Qe2 Nd7 9. Be3 Bf6 10. Qd2 Nd4 11. Nd1 Nxf3+ 12. Bxf3 Ne5 13. Be2 Nc6 14. f4 Nd4 15. Bg4 b6 16. c3 Nc6 17. Bf3 Bb7 18. Qg2 Rc8 19. Nf2 Kh8 20. h4 g6 21. Nh3 Bg7 22. g4 f5 23. Ng5 Qd7 24. Qh3 d5 25. h5 gxh5 26. Qxh5 Bf6 27. Bf2 Bxg5 28. fxg5 fxe4 29. dxe4 Rxf3 30. Bxc5 dxe4 31. Rad1 Qe8 32. Qh6 bxc5 0-1

[Event "Hallsberg op 9394 U18"]
[Site "Hallsberg"]
[Date "1993.??.??"]
[Round "4"]
[White "Engedal, Kim Nikolai"]
[Black "Eriksson, Johan"]
[Result "1/2-1/2"]
[WhiteElo "2240"]
[BlackElo "2305"]
[PlyCount "26"]
[EventDate "1993.??.??"]
[EventType "swiss"]
[EventRounds "9"]
[EventCountry "SWE"]
[SourceTitle "EXT 2002"]
[Source "ChessBase"]
[SourceDate "2001.11.25"]
[SourceVersion "1"]
[SourceVersionDate "2001.11.25"]
[SourceQuality "1"]

1. e4 c5 2. Nf3 d6 3. Bb5+ Bd7 4. Bxd7+ Nxd7 5. 0-0 Ngf6 6. Qe2 e5 7. c3 Be7 8. d4 cxd4 9. cxd4 0-0 10. Nc3 Re8 11. Rd1 exd4 12. Rxd4 Qb8 13. h3 Nc5 1/2-1/2

[Event "GER-ch int U20"]
[Site "Hamburg"]
[Date "1993.??.??"]
[Round "?"]
[White "Engedal, Kim Nikolai"]
[Black "Sandor, Christian"]
[Result "0-1"]
[WhiteElo "2240"]
[BlackElo "2305"]
[PlyCount "54"]
[EventDate "1993.07.??"]
[EventType "swiss"]
[EventRounds "9"]
[EventCountry "GER"]
[SourceTitle "TD"]
[Source "ChessBase"]
[SourceDate "1994.03.01"]
[SourceVersion "1"]
[SourceVersionDate "1994.03.01"]
[SourceQuality "1"]

1. e4 c5 2. Nf3 g6 3. Bc4 Bg7 4. c3 e6 5. d4 cxd4 6. cxd4 d5 7. exd5 exd5 8. Bb5+ Bd7 9. Qe2+ Ne7 10. 0-0 0-0 11. Bg5 Be6 12. Nc3 a6 13. Ba4 b5 14. Bb3 Nbc6 15. Rfe1 Qd6 16. Bxe7 Nxe7 17. Ng5 Nf5 18. Nxe6 fxe6 19. Qxe6+ Qxe6 20. Rxe6 Nxd4 21. Rd6 Nxb3 22. axb3 d4 23. Nd5 Rfd8 24. Raxa6 Rxd6 25. Rxa8+ Bf8 26. Nf4 d3 27. Ra1 g5 0-1

[Event "Hallsberg op 9394 U18"]
[Site "Hallsberg"]
[Date "1993.??.??"]
[Round "1"]
[White "Eriksson, Ingela S"]
[Black "Engedal, Kim Nikolai"]
[Result "0-1"]
[WhiteElo "2095"]
[BlackElo "2240"]
[PlyCount "66"]
[EventDate "1993.??.??"]
[EventType "swiss"]
[EventRounds "9"]
[EventCountry "SWE"]
[SourceTitle "EXT 2002"]
[Source "ChessBase"]
[SourceDate "2001.11.25"]
[SourceVersion "1"]
[SourceVersionDate "2001.11.25"]
[SourceQuality "1"]

1. e4 e5 2. Nf3 Nf6 3. Nxe5 d6 4. Nf3 Nxe4 5. Nc3 Nxc3 6. dxc3 Nc6 7. Bf4 Be7 8. Qd2 Bg4 9. Be2 Qd7 10. 0-0-0 a6 11. h3 Be6 12. Kb1 Bf6 13. Rhe1 h6 14. Bc4 0-0-0 15. Bxe6 fxe6 16. Re4 e5 17. Bg3 d5 18. Re2 Rhe8 19. Rde1 e4 20. Nd4 Na5 21. Bf4 g5 22. Bg3 Nc4 23. Qd1 c5 24. Nb3 Qb5 25. Qc1 a5 26. a4 Qxa4 27. Nxc5 Qb5 28. Nb3 Bxc3 29. bxc3 a4 30. Qd1 Re6 31. Rxe4 dxe4 32. Qg4 Qb6 33. Rxe4 Nd2+ 0-1

[Event "Skei"]
[Site "Skei"]
[Date "1993.??.??"]
[Round "7"]
[White "Hellers, Ferdinand"]
[Black "Engedal, Kim Nikolai"]
[Result "1-0"]
[WhiteElo "2565"]
[BlackElo "2240"]
[PlyCount "53"]
[EventDate "1993.??.??"]
[EventType "tourn"]
[EventRounds "9"]
[EventCountry "NOR"]
[EventCategory "10"]
[SourceTitle "CBM 036"]
[Source "ChessBase"]
[SourceDate "1993.10.01"]
[SourceVersion "1"]
[SourceVersionDate "1993.10.01"]
[SourceQuality "1"]

1. e4 e5 2. Nf3 Nf6 3. d4 Nxe4 4. Bd3 d5 5. Nxe5 Nd7 6. Nxd7 Bxd7 7. 0-0 Qh4 8. c4 0-0-0 9. c5 g5 10. Nc3 Rg8 11. g3 Nxc3 12. bxc3 Qh3 13. Rb1 f5 14. Rxb7 Kxb7 15. Qb3+ Ka8 16. Qxd5+ c6 17. Qxg8 h6 18. Re1 Qh5 19. Bd2 Re8 20. Rxe8+ Qxe8 21. Qh7 Qe6 22. Qh8 Qe7 23. h4 Kb7 24. hxg5 hxg5 25. Bxg5 Qxg5 26. Qxf8 Be6 27. c4 1-0

[Event "NOR-chT east"]
[Site "Norway"]
[Date "1993.??.??"]
[Round "6"]
[White "Hoff, Terje"]
[Black "Engedal, Kim Nikolai"]
[Result "0-1"]
[WhiteElo "2055"]
[BlackElo "2240"]
[PlyCount "100"]
[EventDate "1993.??.??"]
[EventType "team-tourn"]
[EventRounds "9"]
[EventCountry "NOR"]
[SourceTitle "EXT 2000"]
[Source "ChessBase"]
[SourceDate "1999.11.16"]
[SourceVersion "1"]
[SourceVersionDate "1999.11.16"]
[SourceQuality "1"]

1. d4 d5 2. c4 e6 3. Nc3 c6 4. e3 Nf6 5. Nf3 Nbd7 6. Bd3 Bd6 7. e4 dxe4 8. Nxe4 Nxe4 9. Bxe4 e5 10. 0-0 exd4 11. Qxd4 Qf6 12. Qe3 0-0 13. Bd2 Nc5 14. Bc3 Qe7 15. Qd4 f5 16. Bc2 Ne6 17. Qe3 Qf7 18. Rad1 Bf4 19. Qd3 Qh5 20. g3 Bc7 21. b4 a5 22. b5 Rf7 23. Rde1 Bd7 24. Bd1 Qh3 25. Rxe6 Bxe6 26. Ng5 Qh6 27. Nxf7 Kxf7 28. bxc6 bxc6 29. Bd2 Qg6 30. Bf3 Rd8 31. Qe2 Kf8 32. Bc3 Qf7 33. Rd1 Bxc4 34. Rxd8+ Bxd8 35. Qd2 Bd5 36. Be2 Qe6 37. f3 Bb6+ 38. Kg2 Bxa2 39. Qb2 g5 40. Bd3 Bb3 41. Bd2 g4 42. Qh8+ Ke7 43. Bg5+ Kd6 44. Qb8+ Kc5 45. Bc1 gxf3+ 46. Kf2 Kd4 47. Bf1 Bc5 48. Kg1 f2+ 49. Kxf2 Kc3+ 50. Kg2 Qe4+ 0-1

[Event "GER-ch int U20"]
[Site "Hamburg"]
[Date "1993.??.??"]
[Round "?"]
[White "Wierzbicki, Jan Daniel"]
[Black "Engedal, Kim Nikolai"]
[Result "1/2-1/2"]
[WhiteElo "2055"]
[BlackElo "2240"]
[PlyCount "70"]
[EventDate "1993.07.??"]
[EventType "swiss"]
[EventRounds "9"]
[EventCountry "GER"]
[SourceTitle "TD"]
[Source "ChessBase"]
[SourceDate "1994.03.01"]
[SourceVersion "1"]
[SourceVersionDate "1994.03.01"]
[SourceQuality "1"]

1. Nf3 d5 2. c4 e6 3. g3 c6 4. b3 f5 5. Bb2 Nf6 6. Bg2 Bd6 7. 0-0 Qe7 8. d4 b6 9. e3 Bb7 10. cxd5 cxd5 11. Nbd2 Nc6 12. Ne5 Bxe5 13. dxe5 Nd7 14. f4 Nc5 15. Ba3 a5 16. Nf3 b5 17. Bxc5 Qxc5 18. Qd2 0-0 19. Rfc1 Qb6 20. Nd4 Nxd4 21. exd4 Rac8 22. Kf2 b4 23. Ke3 Ba6 24. Bf3 Qb5 25. Be2 Qxe2+ 26. Qxe2 Bxe2 27. Kxe2 Kf7 28. Kd2 Ke7 29. Rxc8 Rxc8 30. Rc1 Rxc1 31. Kxc1 Kf7 32. Kd2 Kg6 33. Ke3 h6 34. Kf3 Kh5 35. h3 g5 1/2-1/2

[Event "Gausdal Int"]
[Site "Gausdal"]
[Date "1992.??.??"]
[Round "1"]
[White "Borge, Nikolaj"]
[Black "Engedal, Kim Nikolai"]
[Result "1-0"]
[WhiteElo "2410"]
[BlackElo "2260"]
[PlyCount "51"]
[EventDate "1992.08.??"]
[EventType "swiss"]
[EventRounds "9"]
[EventCountry "NOR"]
[SourceTitle "TD"]
[Source "ChessBase"]
[SourceDate "1994.03.01"]
[SourceVersion "1"]
[SourceVersionDate "1994.03.01"]
[SourceQuality "1"]

1. e4 d5 2. exd5 Nf6 3. d4 Nxd5 4. c4 Nb6 5. Nf3 Bg4 6. Be2 Nc6 7. d5 Bxf3 8. Bxf3 Ne5 9. Be2 c6 10. Qd4 Ng6 11. Nc3 e6 12. Qe4 Bb4 13. dxc6 bxc6 14. Qxc6+ Qd7 15. Qxd7+ Nxd7 16. Bd2 0-0 17. 0-0 Rfd8 18. a3 Be7 19. Be3 Nh4 20. Nb5 a5 21. Nd4 Rdc8 22. g3 e5 23. gxh4 exd4 24. Bxd4 Bxh4 25. b4 Be7 26. c5 1-0